| 000 | 01860nkm a2200373 c 4500 | ||
|---|---|---|---|
| 003 | BLK | ||
| 005 | 20250218102903.0 | ||
| 008 | 180412b bul rap|r|||| r0| ||bulo| | ||
| 010 | _aKNG00173812000 | ||
| 040 | _aBLK | ||
| 041 |
_aRUS _cRUS |
||
| 080 |
_aСкулптура. Общи въпроси _b730 _x(4-15) _z730(4-15) |
||
| 080 |
_aМузеи. Сбирки. Галерии. Постоянни изложби. Музеология Лит. върху спец.(отраслеви) музеи се класиф. в съответните отдели със съотношение, също и в 069.02 _b069 _x _z069 |
||
| 100 | 1 |
_aЗарецкая, Зинаида Владимировна _eпърви автор _969099 |
|
| 700 | 1 |
_aКосарева, Нина Константиновна _eсъавт. _982655 |
|
| 139 |
_aЗарецкая, Зинаида Владимировна и др. _bЗ 34 |
||
| 245 | 1 | 0 |
_aГосударственный Эрмитаж. Западноевропейская скульптура XV - XX веков _cЗинаида Владимировна Зарецкая; съавт. Нина Константиновна Косарева. |
| 257 | _aSUN | ||
| 260 |
_аМосква _bИзобраз. искусство _c1960 |
||
| 300 |
_a6 с., 46 л., 8 с. _bил. _c35 см |
||
| 380 | _a7 | ||
| 650 | 4 |
_aСкулптура - музеи, галерии, колекции и изложби _9341600 |
|
| 651 | 0 |
_aЗападна Европа _9243454 |
|
| 653 | _aскулптура | ||
| 653 | _aЗападна Европа | ||
| 653 | _aXV - XX в. | ||
| 653 | _aЕрмитаж | ||
| 852 | _aЦб Гр А ІІ 592 | ||
| 856 | 4 |
_qpdf _u |
|
| 856 | 4 |
_qpdf _u |
|
| 942 |
_cGRA _n0 |
||
| 944 |
_aCR _c03.04.2015 _k30560 _lГеновева Генчева |
||
| 944 |
_aED _c17.04.2015 _kКамелия_Данева |
||
| 999 |
_c210941 _d210941 |
||